[Event "Unterfranken-ch HT 61th"]
[Site "Kitzingen"]
[Date "2010.04.08"]
[Round "5"]
[White "Poye, Karlheinz"]
[Black "Engelbrecht, Klaus"]
[Result "1-0"]
[WhiteElo "1607"]
[BlackElo "1300"]
[PlyCount "117"]
[EventDate "2010.04.05"]
[EventType "swiss"]
[EventRounds "9"]
[EventCountry "GER"]
[SourceTitle "EXT 2015"]
[Source "ChessBase"]
[SourceDate "2014.11.20"]
[SourceVersion "1"]
[SourceVersionDate "2014.11.20"]
[SourceQuality "1"]

1. e4 c6 2. d4 b6 3. c4 Bb7 4. Nc3 e6 5. a3 d5 6. Nf3 Nd7 7. Be3 dxe4 8. Nxe4 Ngf6 9. Nc3 Be7 10. h3 c5 11. d5 exd5 12. cxd5 Bd6 13. g4 Qe7 14. Bg2 Bf4 15. 0-0 Bxe3 16. Re1 0-0 17. Rxe3 Qd8 18. Qd3 a5 19. Rae1 Ba6 20. Qd1 Bc4 21. Nd2 Ba6 22. a4 c4 23. Nf3 Nc5 24. Ne5 Nd3 25. Nxd3 cxd3 26. Nb5 Bxb5 27. axb5 Qd6 28. Qxd3 Rfe8 29. Rxe8+ Rxe8 30. Rxe8+ Nxe8 31. Qc4 Qc5 32. Qe2 Kf8 33. b3 Nd6 34. Qd3 g6 35. h4 Nxb5 36. Qe4 Qe7 37. Qf4 Kg7 38. g5 Qd6 39. Qa4 Qc5 40. Bf1 Nd6 41. Qa1+ Kg8 42. Qe5 Nf5 43. Qb8+ Kg7 44. Qe5+ Kg8 45. h5 Nd4 46. Qb8+ Qf8 47. Qxb6 Nf3+ 48. Kh1 Nxg5 49. Qe3 Qh6 50. Be2 f5 51. d6 gxh5 52. Bc4+ Kg7 53. Qe7+ Kh8 54. Bd5 Ne6 55. Qxe6 Qc1+ 56. Kg2 Qg5+ 57. Kf1 Qc1+ 58. Qe1 Qf4 59. Qc3+ 1-0

[Event "Unterfranken-ch HT 61th"]
[Site "Kitzingen"]
[Date "2010.04.06"]
[Round "2"]
[White "Buettner, Simon"]
[Black "Poye, Karlheinz"]
[Result "1/2-1/2"]
[WhiteElo "1413"]
[BlackElo "1607"]
[PlyCount "139"]
[EventDate "2010.04.05"]
[EventType "swiss"]
[EventRounds "9"]
[EventCountry "GER"]
[SourceTitle "EXT 2015"]
[Source "ChessBase"]
[SourceDate "2014.11.20"]
[SourceVersion "1"]
[SourceVersionDate "2014.11.20"]
[SourceQuality "1"]

1. c4 e5 2. Nc3 d6 3. d3 Be6 4. f4 Nd7 5. Nf3 Be7 6. g3 c6 7. Bg2 Qb6 8. Na4 Qc7 9. 0-0 b5 10. cxb5 cxb5 11. Nc3 Rb8 12. fxe5 dxe5 13. Kh1 Bf6 14. Ne4 Ne7 15. Be3 Nf5 16. Bf2 a5 17. Rc1 Qd8 18. b3 Nb6 19. Nfd2 Nd5 20. Qe1 Nfe3 21. Bxe3 Nxe3 22. Nxf6+ gxf6 23. Bc6+ Ke7 24. Rf3 Bd5 25. Bxd5 Nxd5 26. Ne4 b4 27. Qf2 Qb6 28. Qc5+ Qxc5 29. Rxc5 Rhd8 30. Rxa5 Ra8 31. Rxa8 Rxa8 32. Kg2 Rxa2 33. Rf2 Rb2 34. Nc5 Rc2 35. Ne4 Ke6 36. g4 h6 37. Kf3 Nf4 38. Ke3 Rb2 39. Kf3 Nh3 40. Nc5+ Kd5 41. e4+ Kxc5 42. Rxb2 Ng5+ 43. Ke2 Ne6 44. Rc2+ Kb5 45. Rb2 Nd4+ 46. Kd1 Ne6 47. Kc1 Nf4 48. Kc2 Ng2 49. Kc1 Nf4 50. Rd2 Kc5 51. Rc2+ Kb5 52. Rd2 Kc5 53. h3 Kd4 54. Kc2 Ke3 55. Rd1 Ne6 56. Rf1 Nf4 57. Rd1 Nxh3 58. Rh1 Nf2 59. Rxh6 Nxg4 60. Rh3+ Kf4 61. Rh7 Ke3 62. Rxf7 Ke2 63. Rb7 Ne3+ 64. Kb1 Kxd3 65. Rxb4 Nc2 66. Rb6 Nd4 67. Rxf6 Nxb3 68. Rf3+ Kc4 69. Rf5 Kd4 70. Rxe5 1/2-1/2